000 00797nam a2200241Ia 4500
005 20250117103440.0
008 008 250103s9999 xx 000 0 eng d
020 _a9781786205438
037 _aTextual
040 _aCSL
_beng
_cCSL
041 _aeng
_2eng
084 _aH21 R2
_qCSL
245 0 _aLamprophyres, lamproites and related rocks as tracers to supercontinent cycles and metallogenesis
_cKrmícek, L( Ed.); Rao, N V Chalapathi (Ed.)
260 _aLondon
_bGeological Society of London
_c2022
300 _avi, 489p. ill.
650 _aGeology
650 _aLamproites
_9733119
650 _aLamprophyres
_9733120
700 _a Rao, N V Chalapathi (Ed.)
_9733121
700 _aKrmícek, L( Ed.)
_9733122
942 _cTEXL
_hH21 R2
999 _c1237419
_d1237419